Atlante geografico scolastico di nove carte finamente incise ad uso delle scuole elementari, corredato di nozioni geografiche e di esercizi pratici

Gespeichert in:
Bibliographische Detailangaben
1. Verfasser: Chierici, Roberto.
Format: Buch
Sprache:Italienisch
Erschienen: Parma Casa Edit. Luigi Battei 1891
Katalog:EDISCO:  Suchergebnis im Bibliothekskatalog
Schulbuchspezifische Eigenschaften:
Tags: Tag hinzufügen
Keine Tags, Fügen Sie den ersten Tag hinzu!
Hinzugefügt zu:30.04.2016
Geändert in:04.10.2017

MARC

LEADER 00000aam a22000007 4500
001 22684
003 OSt
005 20171004090729.0
008 160501s1891 it 000 0 ita
040 |c Paola Zonca - Torino - SBN 
041 1 |a ita 
100 1 |a Chierici, Roberto. 
245 0 0 |a Atlante geografico scolastico di nove carte finamente incise ad uso delle scuole elementari, corredato di nozioni geografiche e di esercizi pratici 
260 |a Parma  |b Casa Edit. Luigi Battei  |c 1891 
300 |a 8 obl. fig, ;  
510 3 |a CENT. 60. 
901 |a 7 
700 1 |a Chierici, Roberto. 
942 |2 ddc  |c BK 
546 |a ita 
999 |c 22673  |d 22673 
999 |c edisco:22673  |d 22673